[Event "L Festival A"]
[Site "Imperia ITA"]
[Date "2008.09.01"]
[Round "2"]
[White "Keetbaas, Herman"]
[Black "Bozzali, Ermanno"]
[WhiteElo "2042"]
[BlackElo "2148"]
[Result "0-1"]
[PlyCount "68"]
[EventDate "2008.08.31"]

1. e4 c5 2. Nf3 d6 3. d4 cxd4 4. Nxd4 Nf6 5. Nc3 a6 6. Bg5 e6 7. Qd3 Nbd7 8.
O-O-O b5 9. f4 Bb7 10. Qg3 Qb6 11. e5 dxe5 12. fxe5 Ne4 13. Nxe4 Bxe4 14. Be3
Qc7 15. Bd3 Bd5 16. Kb1 Qxe5 17. Bf4 Qxd4 18. Bxb5 Qxd1+ 19. Rxd1 axb5 20. Rxd5
exd5 21. Qe1+ Kd8 22. Qc3 Bc5 23. b4 Ra4 24. Qxg7 Rxb4+ 25. Kc1 Rxf4 26. Qxh8+
Kc7 27. Qxh7 Rf2 28. Qd3 Kc6 29. h4 Ne5 30. Qg3 Nc4 31. c3 Be3+ 32. Kd1 Nb2+
33. Ke1 Nd3+ 34. Kd1 Rd2# 0-1

[Event "L Festival A"]
[Site "Imperia ITA"]
[Date "2008.09.01"]
[Round "2"]
[White "Krouzel, Jaroslav"]
[Black "Payen, Arnaud"]
[WhiteElo "2184"]
[BlackElo "2372"]
[Result "1/2-1/2"]
[PlyCount "46"]
[EventDate "2008.08.31"]

1. d4 e6 2. e4 c5 3. d5 exd5 4. exd5 d6 5. c4 Nf6 6. Nc3 Be7 7. Nf3 O-O 8. Be2
Nbd7 9. O-O Re8 10. h3 Nf8 11. Bf4 Ng6 12. Bh2 Bf8 13. Re1 Ne4 14. Nxe4 Rxe4
15. Bd3 Rxe1+ 16. Qxe1 Bd7 17. Qd2 a6 18. b4 Qf6 19. Rb1 cxb4 20. Qxb4 b5 21.
cxb5 axb5 22. Qb2 Ra5 23. Bg3 Qxb2 1/2-1/2

[Event "L Festival A"]
[Site "Imperia ITA"]
[Date "2008.09.01"]
[Round "2"]
[White "Lacrosse, Marc"]
[Black "Blasco, Domenico"]
[WhiteElo "2202"]
[BlackElo "2015"]
[Result "1/2-1/2"]
[PlyCount "75"]
[EventDate "2008.08.31"]

1. d4 Nf6 2. c4 c5 3. d5 b5 4. cxb5 a6 5. bxa6 Bxa6 6. Nc3 d6 7. Nf3 g6 8. g3
Bg7 9. Bg2 O-O 10. O-O Nbd7 11. Qc2 Qa5 12. Rd1 Rfb8 13. Bd2 Ng4 14. b3 Qb6 15.
h3 Nge5 16. Nxe5 Nxe5 17. Rab1 Qa7 18. a4 Rb6 19. Kh2 Qc7 20. f4 Nd7 21. e4
Rab8 22. Na2 Qb7 23. b4 cxb4 24. Nxb4 Nc5 25. Nxa6 Rxb1 26. Nxb8 Rxd1 27. Qxd1
Qxb8 28. Be3 Qb4 29. Bxc5 dxc5 30. e5 g5 31. Qg4 c4 32. e6 c3 33. exf7+ Kxf7
34. Qe6+ Kf8 35. Qc8+ Kf7 36. Qe6+ Kf8 37. Qc8+ Kf7 38. Qe6+ 1/2-1/2

[Event "L Festival A"]
[Site "Imperia ITA"]
[Date "2008.09.01"]
[Round "2"]
[White "Luciani, Carlo"]
[Black "Lazarev, Vladimir"]
[WhiteElo "2239"]
[BlackElo "2482"]
[Result "1/2-1/2"]
[PlyCount "84"]
[EventDate "2008.08.31"]

1. e4 c5 2. Nf3 Nc6 3. d4 cxd4 4. Nxd4 Qc7 5. Nc3 e6 6. g3 a6 7. Bg2 Nf6 8. Nb3
d6 9. O-O b5 10. a3 Bb7 11. f4 Be7 12. Be3 O-O 13. Qe2 Rfe8 14. g4 Rac8 15. g5
Nd7 16. Qf2 b4 17. axb4 Nxb4 18. h4 Bf8 19. h5 d5 20. e5 Nc5 21. Nd4 Ne4 22.
Bxe4 dxe4 23. Qg3 Bc5 24. Rf2 Rcd8 25. Nb3 Bxe3 26. Qxe3 Nd5 27. Nxd5 Rxd5 28.
Nd4 Qc4 29. c3 Qd3 30. Re1 Qxe3 31. Rxe3 Ra5 32. Rd2 Ra1+ 33. Kh2 Rd8 34. Rg2
Rf1 35. Kg3 a5 36. Rf2 Rd1 37. Rfe2 a4 38. Re1 Rd2 39. R1e2 Rd1 40. Re1 Rd3 41.
Rxd3 exd3 42. Rd1 Be4 1/2-1/2

[Event "L Festival A"]
[Site "Imperia ITA"]
[Date "2008.09.01"]
[Round "2"]
[White "Mela, Riccardo"]
[Black "Cichy, Miroslav"]
[WhiteElo "2033"]
[BlackElo "2141"]
[Result "0-1"]
[PlyCount "98"]
[EventDate "2008.08.31"]

1. e4 c5 2. Nf3 Nc6 3. d3 e6 4. g3 d5 5. Nbd2 Bd6 6. Bg2 Nge7 7. O-O Qc7 8. b3
Bd7 9. Bb2 Rg8 10. Re1 d4 11. Nc4 e5 12. a4 g5 13. Bc1 f6 14. h4 Bg4 15. hxg5
fxg5 16. Qd2 h6 17. Nh2 Be6 18. Qe2 O-O-O 19. Bd2 Nb4 20. Bxb4 cxb4 21. Ng4 Rg6
22. Nh2 g4 23. Rad1 Rdg8 24. Nf1 Bxc4 25. dxc4 Nc6 26. Rd3 Nd8 27. f3 h5 28. f4
exf4 29. e5 Bc5 30. gxf4 h4 31. Be4 Rh6 32. Bd5 Rg7 33. Qe4 g3 34. Re2 Rhg6 35.
Rg2 Rg4 36. Qf3 Qe7 37. Kh1 Kb8 38. Nh2 h3 39. Nxg4 hxg2+ 40. Kxg2 Qh4 41. Rd1
Qxg4 42. Qxg4 Rxg4 43. Rf1 Nc6 44. e6 Be7 45. f5 Bf6 46. Rf3 Ne7 47. Rf1 Kc7
48. Bf3 Rh4 49. Bd1 Be5 0-1

[Event "L Festival A"]
[Site "Imperia ITA"]
[Date "2008.09.01"]
[Round "2"]
[White "Mercandelli, Claudio"]
[Black "Hocevar, Nikola"]
[WhiteElo "1988"]
[BlackElo "2125"]
[Result "0-1"]
[PlyCount "72"]
[EventDate "2008.08.31"]

1. d4 Nf6 2. Nf3 g6 3. c4 Bg7 4. Nc3 d5 5. cxd5 Nxd5 6. Qb3 Nxc3 7. bxc3 O-O 8.
Ba3 b6 9. e3 Nc6 10. Rc1 Na5 11. Qa4 Bd7 12. Qc2 c5 13. Ba6 Qc7 14. O-O b5 15.
Bxc5 Qc6 16. Bxb5 Qxb5 17. Bxe7 Rfe8 18. Bc5 Bf5 19. c4 Bxc2 20. cxb5 Bd3 21.
Rfd1 Bxb5 22. Rc3 a6 23. Rdc1 Rec8 24. Nd2 Nb7 25. Ba3 Rxc3 26. Rxc3 Bf8 27.
Bxf8 Kxf8 28. f3 Rd8 29. Ne4 Ke7 30. Kf2 f5 31. Nc5 Rc8 32. g3 Nxc5 33. Rxc5
Rxc5 34. dxc5 Ke6 35. e4 fxe4 36. fxe4 Ke5 0-1

[Event "L Festival A"]
[Site "Imperia ITA"]
[Date "2008.09.01"]
[Round "2"]
[White "Morselli, Stefano"]
[Black "Hodova, Lucie"]
[WhiteElo "1858"]
[BlackElo "2075"]
[Result "0-1"]
[PlyCount "102"]
[EventDate "2008.08.31"]

1. Nf3 c5 2. g3 Nf6 3. Bg2 Nc6 4. d3 d5 5. O-O e6 6. Nbd2 Be7 7. Re1 Qc7 8. e4
b6 9. e5 Nd7 10. Qe2 Bb7 11. a4 a5 12. c3 O-O-O 13. d4 g5 14. Nb1 Rdg8 15. Na3
Qd8 16. Nb5 g4 17. Ng5 Bxg5 18. Bxg5 Qxg5 19. Nd6+ Kb8 20. Nxf7 Qf5 21. Nxh8
Rxh8 22. Rad1 h5 23. f3 gxf3 24. Bxf3 Ka7 25. Rd2 Ba6 26. Qd1 h4 27. Bg4 Qg6
28. gxh4 Rxh4 29. Rg2 Qf7 30. Re3 cxd4 31. Rf3 Qh7 32. Bxe6 Ndxe5 33. Rfg3 Bb7
34. Rg7 Qe4 35. Rf2 Rf4 36. Rxf4 Qxf4 37. Bxd5 Qe3+ 38. Kh1 d3 39. b4 d2 40. b5
Nd8 41. Bxb7 Nxb7 42. Rg2 Nc4 43. Rg3 Qe1+ 44. Rg1 Qe4+ 45. Rg2 Qxg2+ 46. Kxg2
Ne3+ 47. Kf2 Nxd1+ 48. Ke2 Nxc3+ 49. Kxd2 Nxa4 50. h4 Nd6 51. Kd3 Nc5+ 0-1

[Event "L Festival A"]
[Site "Imperia ITA"]
[Date "2008.09.01"]
[Round "2"]
[White "Movsziszian, Karen"]
[Black "Piasetski, Leon David"]
[WhiteElo "2560"]
[BlackElo "2314"]
[Result "1-0"]
[PlyCount "99"]
[EventDate "2008.08.31"]

1. g3 g6 2. Bg2 Bg7 3. e4 e5 4. Ne2 Nc6 5. O-O Nge7 6. c4 Nd4 7. Nxd4 exd4 8.
d3 d6 9. Nd2 Be6 10. f4 Qd7 11. Nf3 h6 12. Bd2 Rb8 13. b4 a6 14. Qc2 c5 15. a4
O-O 16. b5 b6 17. Nh4 a5 18. Rae1 f5 19. exf5 gxf5 20. Ng6 Rf6 21. Nxe7+ Qxe7
22. g4 Qf7 23. g5 hxg5 24. fxg5 Rg6 25. Bf4 Be5 26. h4 Bxf4 27. Rxf4 Re8 28.
Qf2 Kh8 29. Bh3 Rgg8 30. Rf1 Qh5 31. Qg3 Qe2 32. Bg2 Bc8 33. R4f2 Qe5 34. Qf3
Re7 35. Qf4 Qxf4 36. Rxf4 Re3 37. R4f3 Rge8 38. Kh2 Kg7 39. Kg3 Bb7 40. Rxe3
Rxe3+ 41. Kf2 Bxg2 42. Kxg2 Rxd3 43. Rxf5 Re3 44. Rd5 Re4 45. Kg3 d3 46. Rxd3
Rxc4 47. Rxd6 Rxa4 48. Rxb6 Rb4 49. h5 a4 50. h6+ 1-0

[Event "L Festival A"]
[Site "Imperia ITA"]
[Date "2008.09.01"]
[Round "2"]
[White "Mozny, Milos"]
[Black "Vitak, Pavel"]
[WhiteElo "2361"]
[BlackElo "2187"]
[Result "1/2-1/2"]
[PlyCount "23"]
[EventDate "2008.08.31"]

1. d4 Nf6 2. Nf3 g6 3. g3 d5 4. Bg2 Bg7 5. O-O O-O 6. c4 c6 7. cxd5 cxd5 8. Nc3
Nc6 9. Bf4 Bf5 10. Ne5 Rc8 11. Nxc6 Rxc6 12. Be5 1/2-1/2

[Event "L Festival A"]
[Site "Imperia ITA"]
[Date "2008.09.01"]
[Round "2"]
[White "Ornati, Gianmaria"]
[Black "Pesce, Gabriele"]
[WhiteElo "1927"]
[BlackElo "2102"]
[Result "1/2-1/2"]
[PlyCount "84"]
[EventDate "2008.08.31"]

1. d4 Nf6 2. c4 g6 3. Nc3 Bg7 4. e4 d6 5. Nf3 O-O 6. Be2 e5 7. O-O Nc6 8. d5
Ne7 9. Ne1 Nd7 10. Be3 f5 11. f3 f4 12. Bf2 g5 13. Rc1 Ng6 14. Nb5 Nf6 15. Nxa7
Rxa7 16. Bxa7 b6 17. b4 g4 18. c5 g3 19. h3 Nh5 20. Qc2 Nh8 21. cxb6 cxb6 22.
Bb5 Nf7 23. Qxc8 Qxc8 24. Rxc8 Rxc8 25. Bc6 b5 26. Bb6 Bf6 27. Nd3 Rb8 28. Ba5
Bd8 29. Bxd8 Nxd8 30. Rc1 Kf8 31. Kf1 Nf6 32. Nb2 Ke7 33. Nd1 Ne8 34. Ke2 Nc7
35. Kd3 Rb6 36. a3 Ra6 37. Rc3 Rb6 38. Kc2 Nce6 39. dxe6 Rxc6 40. Rxc6 Nxc6 41.
Nc3 Nd4+ 42. Kd3 Kxe6 1/2-1/2

[Event "L Festival A"]
[Site "Imperia ITA"]
[Date "2008.09.01"]
[Round "2"]
[White "Pepino, Enrico"]
[Black "Faraci, Antonino"]
[WhiteElo "2119"]
[BlackElo "2034"]
[Result "1/2-1/2"]
[PlyCount "48"]
[EventDate "2008.08.31"]

1. e4 c5 2. Nf3 a6 3. c3 d5 4. exd5 Qxd5 5. d4 cxd4 6. cxd4 Nf6 7. Nc3 Qd8 8.
Bc4 e6 9. O-O Be7 10. Bg5 O-O 11. Qe2 b5 12. Bb3 Bb7 13. Rad1 b4 14. Na4 Bd5
15. Bc2 Nbd7 16. b3 Rc8 17. Bb1 Bxf3 18. Qxf3 Nd5 19. Qd3 g6 20. Bxe7 Qxe7 21.
Qxa6 Qg5 22. Rfe1 Rc7 23. Qd3 Rfc8 24. Qg3 Qf6 1/2-1/2

[Event "L Festival A"]
[Site "Imperia ITA"]
[Date "2008.09.01"]
[Round "2"]
[White "Poloch, Petr"]
[Black "Petrov, Marijan"]
[WhiteElo "2280"]
[BlackElo "2490"]
[Result "1/2-1/2"]
[PlyCount "104"]
[EventDate "2008.08.31"]

1. Nf3 g6 2. e4 Bg7 3. d4 d6 4. Bd3 c5 5. dxc5 dxc5 6. O-O Nc6 7. c3 Nf6 8. Be3
Nd7 9. Qe2 O-O 10. Rd1 Qc7 11. Nbd2 a6 12. a4 b6 13. Nc4 Bb7 14. Bc2 Rfd8 15.
Bg5 Nf6 16. Ne3 Ne5 17. Bxf6 Bxf6 18. Nd5 Bxd5 19. Rxd5 c4 20. Rad1 Rxd5 21.
Rxd5 e6 22. Rd1 b5 23. Nxe5 Bxe5 24. g3 Rb8 25. axb5 axb5 26. f4 Bd6 27. e5 Be7
28. Kg2 b4 29. Be4 bxc3 30. bxc3 Rb3 31. Qd2 Qb6 32. Qd4 Rb2+ 33. Kh1 Qb3 34.
Rd2 Rxd2 35. Qxd2 Kg7 36. Bf3 Ba3 37. Qd4 Bb2 38. Be2 Bxc3 39. Qxc4 Qb1+ 40.
Kg2 Qe1 41. Bf3 Qd2+ 42. Qe2 g5 43. Qxd2 Bxd2 44. fxg5 Bxg5 45. Be4 Bd8 46. g4
Bc7 47. h4 Bxe5 48. g5 Bc3 49. Kf3 h5 50. Kg3 Be1+ 51. Kh3 f6 52. gxf6+ Kxf6
1/2-1/2

[Event "L Festival A"]
[Site "Imperia ITA"]
[Date "2008.09.01"]
[Round "2"]
[White "Pomaro, Alberto"]
[Black "Feistenauer, Harald"]
[WhiteElo "2246"]
[BlackElo "2107"]
[Result "1-0"]
[PlyCount "95"]
[EventDate "2008.08.31"]

1. e4 Nf6 2. e5 Nd5 3. d4 d6 4. Nf3 Bg4 5. Be2 c6 6. O-O Bxf3 7. Bxf3 dxe5 8.
dxe5 e6 9. Qe2 Nd7 10. c4 Ne7 11. Rd1 Qc7 12. Bh5 Qxe5 13. Rxd7 Qxe2 14. Rxe7+
Bxe7 15. Bxe2 Bf6 16. Nd2 O-O-O 17. Ne4 Bd4 18. c5 Kc7 19. Rb1 h6 20. Be3 Bxe3
21. fxe3 Rd5 22. Rc1 Rf8 23. Kf2 f5 24. Nd6 Rd2 25. Nc4 Rd5 26. b4 g5 27. Bf3
Rd7 28. Rd1 Rb8 29. Rc1 g4 30. Be2 h5 31. Rc2 Rbd8 32. Nd6 Rf8 33. Bc4 Re7 34.
Bd3 Rf6 35. Kg3 Rf8 36. Rf2 Rh8 37. Kh4 b6 38. e4 bxc5 39. bxc5 fxe4 40. Bxe4
Rg8 41. Rb2 Rb8 42. Rxb8 Kxb8 43. Kxh5 Rg7 44. g3 Rg8 45. Bxc6 Rh8+ 46. Kxg4
Rxh2 47. a4 Rh7 48. Be4 1-0

[Event "L Festival A"]
[Site "Imperia ITA"]
[Date "2008.09.01"]
[Round "2"]
[White "Safranska, Anda"]
[Black "Gorelli Fagiolini, Marco"]
[WhiteElo "2323"]
[BlackElo "2183"]
[Result "1/2-1/2"]
[PlyCount "62"]
[EventDate "2008.08.31"]

1. e4 e6 2. d3 d5 3. Qe2 Nf6 4. Nf3 b6 5. e5 Nfd7 6. g3 c5 7. Bg2 Bb7 8. O-O
Be7 9. h4 Nc6 10. Re1 h6 11. h5 Qc7 12. Na3 Ba6 13. c4 dxc4 14. dxc4 Rd8 15.
Qe4 O-O 16. b3 Nd4 17. Nxd4 cxd4 18. Qxd4 Nxe5 19. Qxe5 Qxe5 20. Rxe5 Rd1+ 21.
Kh2 Bxa3 22. Bxa3 Rxa1 23. Bxf8 Kxf8 24. Re2 Rc1 25. Rd2 Ke7 26. Bc6 Bc8 27. f4
f6 28. g4 Rf1 29. Kg3 Rg1+ 30. Kf3 Rf1+ 31. Kg3 Rg1+ 1/2-1/2

[Event "L Festival A"]
[Site "Imperia ITA"]
[Date "2008.09.01"]
[Round "2"]
[White "Salvador, Roland"]
[Black "Pascual Genoves, Marc"]
[WhiteElo "2443"]
[BlackElo "2232"]
[Result "1-0"]
[PlyCount "73"]
[EventDate "2008.08.31"]

1. d4 d6 2. Nf3 Nf6 3. g3 g6 4. Bg2 Bg7 5. c4 O-O 6. Nc3 Nc6 7. d5 Na5 8. Nd2
c5 9. O-O e5 10. b3 a6 11. Nde4 Nxe4 12. Nxe4 b5 13. Bd2 Nb7 14. Qc1 Bd7 15.
Bh6 Qe7 16. Bxg7 Kxg7 17. f4 f6 18. Qd2 Rae8 19. Rfe1 h6 20. e3 Kh7 21. Nf2 b4
22. e4 a5 23. Nd3 a4 24. bxa4 Na5 25. Nb2 Qg7 26. fxe5 Rxe5 27. Re3 f5 28. a3
Rb8 29. axb4 Rxb4 30. Rae1 Rxb2 31. Qxa5 Rb4 32. Qc7 fxe4 33. Qxd6 Bf5 34. Qxc5
Rxa4 35. Qd4 Qc7 36. d6 Qg7 37. Bxe4 1-0

[Event "L Festival A"]
[Site "Imperia ITA"]
[Date "2008.09.01"]
[Round "2"]
[White "Simacek, Pavel"]
[Black "Verrascina, Roberto"]
[WhiteElo "2470"]
[BlackElo "2240"]
[Result "1-0"]
[PlyCount "51"]
[EventDate "2008.08.31"]

1. d4 g6 2. e4 Bg7 3. Nc3 Nc6 4. Be3 d5 5. e5 Nh6 6. f4 O-O 7. Be2 Kh8 8. g4 f6
9. h3 Na5 10. Nf3 c6 11. b3 b6 12. Qd2 Ng8 13. O-O-O f5 14. Ng5 e6 15. h4 Qe7
16. h5 gxh5 17. Rxh5 h6 18. Nf3 Bd7 19. g5 Rfc8 20. Rdh1 Qf8 21. gxh6 Nxh6 22.
Ng5 Kg8 23. Bf3 Ng4 24. Bxg4 fxg4 25. Qh2 Qa3+ 26. Kd2 1-0

[Event "L Festival A"]
[Site "Imperia ITA"]
[Date "2008.09.01"]
[Round "2"]
[White "Spaan, Nathanael"]
[Black "Dolezal, Radoslav jr"]
[WhiteElo "2153"]
[BlackElo "2445"]
[Result "0-1"]
[PlyCount "42"]
[EventDate "2008.08.31"]

1. e4 e5 2. Nf3 Nc6 3. d4 exd4 4. Nxd4 Nf6 5. Nxc6 bxc6 6. e5 Qe7 7. Qe2 Nd5 8.
c4 Ba6 9. Nd2 Nf4 10. Qe4 Ng6 11. f4 O-O-O 12. Bd3 f6 13. exf6 Qxf6 14. O-O
Bc5+ 15. Kh1 Rde8 16. Qf5 Qxf5 17. Bxf5 Rhf8 18. Bc2 Nxf4 19. Ne4 Ne6 20. Rxf8
Rxf8 21. Bd2 Bd4 0-1

[Event "L Festival A"]
[Site "Imperia ITA"]
[Date "2008.09.01"]
[Round "2"]
[White "Spirek, Adam"]
[Black "Spinelli, Doriano"]
[WhiteElo "2050"]
[BlackElo "2151"]
[Result "1/2-1/2"]
[PlyCount "73"]
[EventDate "2008.08.31"]

1. e4 d5 2. exd5 Nf6 3. Bb5+ Nbd7 4. Nc3 g6 5. Nf3 Bg7 6. d4 O-O 7. Be3 Nb6 8.
Qd2 Nbxd5 9. Nxd5 Nxd5 10. Bh6 a6 11. Be2 Bg4 12. Bxg7 Kxg7 13. c4 Nf6 14. O-O
c5 15. d5 Qc7 16. h3 Ne4 17. Qe3 Bxf3 18. Bxf3 Nd6 19. Qc3+ Kg8 20. g4 b5 21.
b3 bxc4 22. bxc4 Rab8 23. Rab1 a5 24. Qe5 Rb4 25. Rxb4 axb4 26. Re1 Re8 27. Bd1
Qd7 28. Bb3 h6 29. Qe3 h5 30. Qg5 hxg4 31. hxg4 Kg7 32. Qe5+ f6 33. Qe6 Qxe6
34. Rxe6 Kf7 35. Kg2 Rh8 36. Re1 f5 37. f3 1/2-1/2

[Event "L Festival A"]
[Site "Imperia ITA"]
[Date "2008.09.01"]
[Round "2"]
[White "Stoppa, Omar"]
[Black "Gioseffi, Massimiliano"]
[WhiteElo "2230"]
[BlackElo "2049"]
[Result "1-0"]
[PlyCount "159"]
[EventDate "2008.08.31"]

1. e4 e6 2. d4 d5 3. Nd2 Nf6 4. e5 Nfd7 5. Bd3 c5 6. c3 Nc6 7. Ne2 Be7 8. O-O
O-O 9. f4 f5 10. Kh1 cxd4 11. cxd4 Nb4 12. Bb1 Nb6 13. Rf3 Bd7 14. a3 Nc6 15.
Rh3 Rf7 16. Nf3 g6 17. b3 Rc8 18. Bd2 Qf8 19. Ng5 Rg7 20. a4 Na8 21. Rh6 Nc7
22. Qe1 Nd8 23. g4 Nf7 24. Nxf7 Rxf7 25. g5 Na6 26. h4 Nb4 27. h5 Rg7 28. hxg6
Rxg6 29. Rh3 Rg7 30. Ng3 Be8 31. Qe2 a6 32. Rh6 Rg6 33. Rh3 Rg7 34. Nh5 Bxh5
35. Rxh5 Nc2 36. Bxc2 Rxc2 37. Rc1 Qc8 38. Qd1 Rxc1 39. Qxc1 Qxc1+ 40. Bxc1 Kf7
41. Kg2 Kg8 42. Kf3 Bf8 43. Bb2 Rc7 44. Rh2 Rc6 45. Re2 Rb6 46. Re3 Rc6 47. Re2
h6 48. Kg3 hxg5 49. fxg5 Be7 50. Kh4 Kg7 51. Rg2 Kg6 52. Kg3 Rb6 53. Bc1 Rxb3+
54. Kf4 Rb4 55. Be3 Rxa4 56. Kf3 b5 57. Rh2 Bf8 58. Rh8 Bg7 59. Rb8 b4 60. Rb6
Kf7 61. Rb7+ Kg6 62. Rb6 a5 63. Rxe6+ Kf7 64. Rb6 Ra1 65. g6+ Ke8 66. Rb8+ Ke7
67. Bg5+ Ke6 68. Rb7 Bxe5 69. Re7+ Kd6 70. dxe5+ Kc5 71. g7 b3 72. g8=Q b2 73.
Qc8+ Kd4 74. Be3+ Kd3 75. Qa6+ Kc2 76. Rc7+ Kb3 77. Qb5+ Ka2 78. Rc2 Rf1+ 79.
Bf2 Ka3 80. Rxb2 1-0

[Event "L Festival A"]
[Site "Imperia ITA"]
[Date "2008.09.01"]
[Round "2"]
[White "Vrana, Frantisek"]
[Black "Chatalbashev, Boris"]
[WhiteElo "2310"]
[BlackElo "2596"]
[Result "1/2-1/2"]
[PlyCount "206"]
[EventDate "2008.08.31"]

1. e4 c5 2. Nf3 Nc6 3. g3 g6 4. d4 cxd4 5. Nxd4 Bg7 6. Ne2 b5 7. Bg2 Bb7 8. O-O
Rc8 9. Nbc3 b4 10. Nd5 e6 11. Ne3 Nge7 12. a3 a5 13. axb4 axb4 14. Qd6 O-O 15.
Rd1 Qb6 16. Nc4 Qb5 17. Qd3 Nd4 18. Nxd4 Qxc4 19. Ra7 Qxd3 20. cxd3 Rb8 21. Nb3
Nc6 22. Ra4 Rfc8 23. Bf4 Ra8 24. Rxa8 Bxa8 25. d4 e5 26. dxe5 Nxe5 27. Rc1 Re8
28. Nc5 d6 29. Bxe5 dxe5 30. Nd3 Bf8 31. Rc4 Rd8 32. Nxb4 Rd1+ 33. Bf1 f5 34.
f3 fxe4 35. fxe4 Bb7 36. Nc2 Ba6 37. Ne3 Rb1 38. Rc2 Bd3 39. Rc3 Bxe4 40. b3
Bf3 41. Kf2 e4 42. Rc7 Bh6 43. Nd5 Rb2+ 44. Kg1 e3 45. Nf6+ Kf8 46. Rd7 Bg7 47.
Nxh7+ Kg8 48. Ng5 Rb1 49. Rd8+ Bf8 50. Ne6 e2 51. Rxf8+ Kh7 52. Rxf3 e1=Q 53.
Nf4 Qd1 54. Nh3 Kh6 55. Kg2 g5 56. Rf6+ Kg7 57. Rf2 Qd5+ 58. Kg1 Rxb3 59. Bg2
Rb1+ 60. Rf1 Rxf1+ 61. Bxf1 Kf6 62. Nf2 Ke5 63. Bg2 Qc5 64. Bf3 Kd4 65. Kg2 Qc2
66. Bd1 Qd2 67. Kf1 Qc1 68. Ke2 Qb2+ 69. Kf1 Qb7 70. Bg4 Qh7 71. Kg2 Ke3 72.
Nd1+ Kd2 73. h3 Ke1 74. Bf3 Qf7 75. Bg4 Qf1+ 76. Kh2 Kd2 77. Bh5 Qf6 78. Bg4
Ke1 79. Kg2 Qc6+ 80. Kg1 Qc2 81. Bf3 Qd2 82. Bg4 Qd5 83. Bh5 Qd6 84. Kg2 Qa6
85. Bg4 Qf1+ 86. Kh2 Kd2 87. Bh5 Kd3 88. Bg6+ Kd4 89. Bh5 Qe1 90. Kg2 Qd2+ 91.
Kg1 Ke5 92. Bg4 Ke4 93. Kh1 Ke5 94. Kg1 Qa5 95. Kg2 Kd4 96. Bf3 Kc4 97. Bg4
Qa2+ 98. Kg1 Kd3 99. Nf2+ Ke3 100. Nd1+ Kd2 101. Kf2 Qf7+ 102. Kg2 Ke1 103. Bf3
Qf8 1/2-1/2

[Event "L Festival A"]
[Site "Imperia ITA"]
[Date "2008.09.01"]
[Round "2"]
[White "Wurm, Christoph"]
[Black "Tomassoni, Leonardo"]
[WhiteElo "2098"]
[BlackElo "1969"]
[Result "1-0"]
[PlyCount "61"]
[EventDate "2008.08.31"]

1. e4 c5 2. Nf3 d6 3. d4 cxd4 4. Nxd4 a6 5. c4 Nf6 6. Nc3 e6 7. Be2 Be7 8. O-O
Nbd7 9. Be3 O-O 10. Rc1 Qc7 11. b3 Nc5 12. Qc2 b6 13. Rfd1 Bb7 14. f3 Rad8 15.
Bf1 Ncd7 16. Qf2 d5 17. cxd5 Ba3 18. Ncb5 Qe5 19. Nxa3 exd5 20. exd5 Nxd5 21.
Nc4 Qf6 22. Ne2 b5 23. Bd4 Qg6 24. Ne3 N7f6 25. Bxf6 Nxf6 26. Qg3 Rxd1 27. Rxd1
Qh5 28. Qc7 Ba8 29. Rd8 Ne8 30. Qe7 Bc6 31. Nd4 1-0

[Event "L Festival A"]
[Site "Imperia ITA"]
[Date "2008.09.02"]
[Round "3"]
[White "Arata, Roberto Mario"]
[Black "Blasco, Domenico"]
[WhiteElo "2178"]
[BlackElo "2015"]
[Result "1-0"]
[PlyCount "94"]
[EventDate "2008.08.31"]

1. d4 Nf6 2. c4 c5 3. d5 b5 4. Nf3 bxc4 5. Nc3 g6 6. e4 d6 7. Bxc4 Bg7 8. Qa4+
Nfd7 9. O-O O-O 10. Qc2 Ba6 11. Bxa6 Nxa6 12. Qe2 Nc7 13. Bf4 Rb8 14. Rad1 Rb4
15. a3 Rb3 16. e5 Nxe5 17. Nxe5 Bxe5 18. Bxe5 dxe5 19. Qxe5 Qd6 20. Qe2 Rfb8
21. Rfe1 Kf8 22. Rd2 Nb5 23. Ne4 Qc7 24. Rc1 Qe5 25. Nxc5 Qxe2 26. Rxe2 Nd4 27.
Rd2 Nf5 28. Nd7+ Kg7 29. Nxb8 Rxb8 30. b4 Kf6 31. Rc5 Nd6 32. f3 h5 33. Kf2 g5
34. Ke3 a5 35. bxa5 Rb3+ 36. Rd3 Nf5+ 37. Kd2 Rb2+ 38. Kc3 Rb8 39. a6 Nd6 40.
a4 g4 41. Rd4 h4 42. Rxg4 Ra8 43. Ra5 Nf5 44. a7 Ke5 45. d6+ Ke6 46. Rxf5 Kxf5
47. dxe7 Ke6 1-0

[Event "L Festival A"]
[Site "Imperia ITA"]
[Date "2008.09.02"]
[Round "3"]
[White "Arlandi, Ennio"]
[Black "Stoppa, Omar"]
[WhiteElo "2436"]
[BlackElo "2230"]
[Result "1-0"]
[PlyCount "49"]
[EventDate "2008.08.31"]

1. d4 e6 2. c4 Nf6 3. Nc3 b6 4. e4 d6 5. Bd3 e5 6. d5 g6 7. h3 Bg7 8. Nge2 O-O
9. Be3 Nfd7 10. g4 Nc5 11. Bc2 a5 12. Ng3 a4 13. Nxa4 Nxa4 14. Bxa4 f5 15. gxf5
gxf5 16. exf5 Qh4 17. Bc2 Qxc4 18. Rg1 Nd7 19. Nh5 Rf7 20. Bh6 Qb4+ 21. Qd2 Qh4
22. Nxg7 Kh8 23. Ne6 Nc5 24. Rg4 Qxh3 25. Rg8+ 1-0

[Event "L Festival A"]
[Site "Imperia ITA"]
[Date "2008.09.02"]
[Round "3"]
[White "Biolek, Richard jr"]
[Black "Movsziszian, Karen"]
[WhiteElo "2354"]
[BlackElo "2560"]
[Result "0-1"]
[PlyCount "76"]
[EventDate "2008.08.31"]

1. e4 g6 2. d4 Bg7 3. Nc3 d6 4. Be3 a6 5. Qd2 b5 6. a3 Nd7 7. O-O-O Bb7 8. f3
Rc8 9. h4 h6 10. h5 g5 11. Nge2 c5 12. Ng3 e6 13. d5 Be5 14. dxe6 fxe6 15. f4
gxf4 16. Bxf4 Ngf6 17. Bxe5 dxe5 18. Bxb5 axb5 19. Nxb5 Rb8 20. Rhf1 Ba6 21.
Nd6+ Ke7 22. Rf3 Rb6 23. Ndf5+ Kf7 24. Qa5 Bc8 25. Rfd3 Ke8 26. Ng7+ Ke7 27.
Rd6 Rxd6 28. N3f5+ exf5 29. Nxf5+ Kf7 30. Nxd6+ Kg7 31. Qe1 Rg8 32. Nf5+ Kh8
33. Qe3 Ng4 34. Qc3 Qf6 35. Kb1 Rd8 36. Rd6 Qg5 37. Qa5 Nb6 38. Rxb6 Bxf5 0-1

[Event "L Festival A"]
[Site "Imperia ITA"]
[Date "2008.09.02"]
[Round "3"]
[White "Chatalbashev, Boris"]
[Black "Biolek, Richard sr"]
[WhiteElo "2596"]
[BlackElo "2434"]
[Result "1-0"]
[PlyCount "49"]
[EventDate "2008.08.31"]

1. d4 Nf6 2. c4 e6 3. Nc3 Bb4 4. Nf3 d5 5. cxd5 exd5 6. Qa4+ Nc6 7. Bg5 h6 8.
Bxf6 Qxf6 9. e3 O-O 10. Be2 Be6 11. a3 Bxc3+ 12. bxc3 a6 13. O-O Rfb8 14. Qc2
b5 15. a4 Na5 16. axb5 axb5 17. Ne5 Bf5 18. Bd3 Bxd3 19. Qxd3 Qe6 20. Qb1 Nc4
21. Rxa8 Rxa8 22. Qxb5 Nxe5 23. dxe5 Qxe5 24. c4 Ra2 25. Qb8+ 1-0

[Event "L Festival A"]
[Site "Imperia ITA"]
[Date "2008.09.02"]
[Round "3"]
[White "Di Paolo, Raffaele"]
[Black "Barlocco, Carlo"]
[WhiteElo "2367"]
[BlackElo "2150"]
[Result "1-0"]
[PlyCount "117"]
[EventDate "2008.08.31"]

1. e4 Nc6 2. Nf3 Nf6 3. e5 Ng4 4. d4 d6 5. h3 Nh6 6. Nc3 dxe5 7. d5 Nb8 8. Nxe5
g6 9. Qf3 Nd7 10. Bb5 Nf5 11. g4 Nd6 12. Ne4 f6 13. Bxd7+ Bxd7 14. Nxd7 Nxe4
15. Qxe4 Qxd7 16. Bf4 O-O-O 17. O-O-O h5 18. Qxg6 hxg4 19. h4 Qa4 20. Qf5+ Kb8
21. Kb1 Bh6 22. Bg3 Qd7 23. Qd3 Bg7 24. a3 Rh5 25. Rhe1 f5 26. c4 Bf6 27. c5 f4
28. Bxf4 Rxd5 29. Qxd5 Qxd5 30. Rxd5 Rxd5 31. Rg1 Kc8 32. Rxg4 Rxc5 33. Be3 Rh5
34. Bg5 Kd7 35. Bxf6 exf6 36. Kc2 Rh7 37. Kd3 Ke6 38. Ke3 Kf5 39. Rc4 b6 40. b4
Re7+ 41. Kf3 Rd7 42. Ke3 Re7+ 43. Kd3 a6 44. a4 Rd7+ 45. Rd4 Rh7 46. Kc4 Ke5
47. a5 f5 48. f3 Rg7 49. h5 Kf6 50. axb6 cxb6 51. Rd6+ Kg5 52. Rxb6 Kxh5 53.
Rxa6 Kg5 54. b5 Kf4 55. Ra3 Ke5 56. Rd3 Rg1 57. b6 Rc1+ 58. Kb4 Rc8 59. Kb5 1-0

[Event "L Festival A"]
[Site "Imperia ITA"]
[Date "2008.09.02"]
[Round "3"]
[White "Dolezal, Radoslav jr"]
[Black "Luciani, Carlo"]
[WhiteElo "2445"]
[BlackElo "2239"]
[Result "1/2-1/2"]
[PlyCount "92"]
[EventDate "2008.08.31"]

1. d4 Nf6 2. Nf3 g6 3. c4 Bg7 4. g3 O-O 5. Bg2 d6 6. O-O Nc6 7. Nc3 Bf5 8. d5
Na5 9. Nd4 Bd7 10. Qd3 c5 11. Nb3 Nxb3 12. axb3 a6 13. h3 Qc7 14. e4 Rfb8 15.
f4 b5 16. e5 bxc4 17. bxc4 Ne8 18. e6 fxe6 19. dxe6 Bc6 20. Nd5 Bxd5 21. Bxd5
Ra7 22. f5 gxf5 23. Qxf5 Nf6 24. Bg2 Qb6 25. g4 Rf8 26. g5 Nd7 27. Qd3 Ne5 28.
Rxf8+ Bxf8 29. Qf5 Qd8 30. Be4 Ng6 31. Qf7+ Kh8 32. h4 Bg7 33. h5 Ne5 34. Qf5
Qg8 35. Ra3 Rc7 36. h6 Bf8 37. Rxa6 Rc8 38. Kh1 Bxh6 39. gxh6 Rf8 40. Qh3 Ng4
41. Qc3+ Ne5 42. Bg2 Qg4 43. Ra8 Qh4+ 44. Kg1 Qf2+ 45. Kh1 Qh4+ 46. Kg1 Qf2+
1/2-1/2